000 00567nam a2200205 a 4500
005 20140310183553.0
008 111017s19uu xx 00 eng d
020 _a9781412962797
050 _aLB 3051
_b.B7945 2009
100 _aBurke, Kay
245 _aHow to assess authentic learning /
_cKay Burke.
250 _a5th ed.
260 _aCalifornia :
_bCorwin,
_c2009.
300 _a221 p. :
_c301 cm.
521 _aEDU
650 _aEducational tests and measurement
650 _aGrading and marking (Students)
942 _cBK
_2lcc
_kFOR
999 _c24975
_d24975